000 01275nam a2200205Ia 4500
003 Ost
005 20260416102357.0
008 260416s9999||||xx |||||||||||||| ||und||
040 _cfsecg
041 _aara
082 _a510
100 _aصايفي، ويزة
_eمؤلف
245 0 _aدروس في مقياس رياضيات 1 :
_bللسنة الأولى جذع مشترك /
_c ويزة صايفي
260 _aالجزائر
_bجامعة الجزائر3: كلية العلوم الإقتصادية، العلوم التجارية وعلوم التسيير
_c2021
300 _a123 ورقة
_bايضاحات
_c30 سم
520 _aمبادئ نظرية المجموعات ، المتتايات العددية و السلاسل العددية، الدوال العددية لمتغير حقيقي، الدالة الأسية و اللوغارتمية و الدوال المثلثية و المثلثية العكسية ، الدوال العددية ذات عدة متغيرات حقيقية، الدوال الأصلية و حساب التكاملات.
653 _aالرياضيات
710 _aجامعة الجزائر3: كلية العلوم الإقتصادية، العلوم التجارية وعلوم التسيير
_eناشر علمي
942 _cHANDOUT
999 _c41250
_d41250